000 00306nam a22001337a 4500
008 170907b xxu||||| |||| 00| 0 eng d
020 _a0517546108
041 _aeng
080 _a72
100 _a41
101 _aARK
245 _aTHE LAURA ASHLEY BOOK OF HOME DECORATING
_cDICKSON, E
942 _2udc
_cBK
999 _c26420
_d26420